000 00354nam a2200145Ia 4500
008 230718s9999 xx 000 0 und d
041 _aEng.
082 _a346.255
_bMUH-T
100 _amuhammad abdul basit
245 4 _athe qanuna e shahdad order 1984
260 _aPakistan
_bfederal law house
_c2019
300 _a626
650 _aLaw
999 _c33019
_d33019